| Поле | Инд. | ПП | Название | Значение |
|---|---|---|---|---|
| Тип записи | a | |||
| Библиографический уровень | m | |||
| 001 | Контрольный номер | RU/LIBMSTU/322573811 | ||
| 005 | Дата корректировки | 20160127104204.5 | ||
| 008 | Кодируемые данные | 100322|||||||||ru |||||||||||000|||rus|| | ||
| 020 | a | ISBN | 978-5-86185-452-8 | |
| c | Цена, тираж | 133-29 | ||
| 040 | b | Код языка каталог. | rus | |
| 041 | a | Код языка текста | rus | |
| 084 | a | Индекс другой классификации/Индекс ББК | 33.13я7 | |
| 090 | a | Полочн. индекс | 33 | |
| x | Авторский знак | М 86 | ||
| 100 | 1_ | a | Автор | Мохов Г. В. |
| 110 | 2_ | a | Организация/ юрисдикция | Мурманский государственный технический университет |
| 245 | 10 | a | Заглавие | Буровые комплексы |
| b | Продолж. заглавия | учеб. пособие | ||
| c | Ответственность | Федер. агентство по рыболовству, ФГОУ ВПО "Мурман. гос. техн. ун-т" | ||
| 260 | a | Место издания | Мурманск | |
| b | Издательство | Изд-во МГТУ | ||
| c | Дата издания | 2010 | ||
| 300 | a | Объем | 110 с. | |
| b | Иллюстрации/ тип воспроизводства | ил. | ||
| 504 | a | Библиография | Библиогр.: с. 110 | |
| 650 | a | Основная рубрика | Буровое оборудование-Учебные издания для высших учебных заведений | |
| 653 | a | Ключевые слова | Бурение скважин | |
| a | Ключевые слова | Буровые вышки | ||
| a | Ключевые слова | Буровые комплексы | ||
| a | Ключевые слова | Буровые установки | ||
| a | Ключевые слова | Вертлюг | ||
| a | Ключевые слова | Верхний привод | ||
| a | Ключевые слова | Морское бурение | ||
| a | Ключевые слова | Нефтегазовое дело | ||
| a | Ключевые слова | Оборудование буровое | ||
| a | Ключевые слова | Операции спускоподъемные | ||
| a | Ключевые слова | Пневмоуправление буровой установкой | ||
| a | Ключевые слова | Противовыбросовое оборудование | ||
| a | Ключевые слова | Роторное бурение | ||
| a | Ключевые слова | Роторы | ||
| a | Ключевые слова | Строительство скважин | ||
| 901 | t | Тип документа | m | |
| 952 | b | Гриф литературы для ВШ | Допущено Ученым советом МГТУ | |
| c | Вид литературы | учебное пособие |